LEADER 01633nam0 22003853i 450 001 VAN0277028 005 20240607093735.923 017 70$2N$a9783031179297 100 $a20240607d2022 |0itac50 ba 101 $aeng 102 $aCH 105 $a|||| ||||| 200 1 $aDesign and Applications of Nature Inspired Optimization$eContribution of Women Leaders in the Field$fDipti Singh, Vanita Garg, Kusum Deep editors 210 $aCham$cSpringer$d2022 215 $ax, 204 p.$cill.$d24 cm 410 1$1001VAN0244809$12001 $aWomen in Engineering and Science$1210 $aCham$cSpringer$d2017- 610 $aNature inspired optimization$9KW:K 610 $aOptimization problems$9KW:K 610 $aSDG5$9KW:K 610 $aWomen in STEM$9KW:K 610 $aWomen in science and engineering$9KW:K 610 $aWomen in technology$9KW:K 620 $aCH$dCham$3VANL001889 702 1$aDeep$bKusum$3VANV229683 702 1$aGarg$bVanita$3VANV229682 702 1$aSingh$bDipti$3VANV229681 712 $aSpringer $3VANV108073$4650 801 $aIT$bSOL$c20240614$gRICA 856 4 $uhttps://doi.org/10.1007/978-3-031-17929-7$zE-book ? Accesso al full-text attraverso riconoscimento IP di Ateneo, proxy e/o Shibboleth 899 $aBIBLIOTECA DEL DIPARTIMENTO DI MATEMATICA E FISICA$1IT-CE0120$2VAN08 912 $fN 912 $aVAN0277028 950 $aBIBLIOTECA DEL DIPARTIMENTO DI MATEMATICA E FISICA$d08CONS e-Book 8707 $e08eMF8707 20240610 996 $aDesign and Applications of Nature Inspired Optimization$93091244 997 $aUNICAMPANIA